| 000 | 01060cab a22001815a 4500 | ||
|---|---|---|---|
| 001 | L144909 | ||
| 008 | 080819s2008 xxkd f s 000 0 eng d | ||
| 035 | _a(Sirsi) u144909 | ||
| 041 | 0 | _aeng | |
| 100 | 1 | _aMorley, Stuart | |
| 245 | 0 | 0 | _aRetail warehouse out-performance a thing of the past |
| 260 | _c2008 | ||
| 490 |
_aProperty Forecast _v11(6) June 2008, 10-11(2) |
||
| 520 | _aArticle looks at the historical performance of retail warehouse rentals and suggests that the trend of impressive growth is due to come to an end. Suggests that a significant fall in retail sales as a result of recession will see a considerable fall in retail rental growth during the period 2008-2011. Quotes the IPD All Property Index showing a yield of -9.7% for retail warehouses and considers that the market may be reaching a bottom shortly. Posits a retail return of around 5% for 2009, with a limited fall in capital values and minimal rent growth. | ||
| 651 | 4 |
_aUnited Kingdom _y |
|
| 690 | _aPROPERTY-INDUSTRIAL PROPERTY-DISTRIBUTION CENTRE PROPERTY | ||
| 942 | _n0 | ||
| 999 |
_c80636 _d80636 |
||